000 00994nas a2200301 4500
001 BR2015005937
003 BR-BrBNA
005 20231205125817.0
007 ta
008 230509b bl.|||p| |||| 00| 00por d
040 _aBR-BrBNA
_bpor
_cBiblioteca Nacional de Agricultura
041 _a(En)
072 _aF60
100 1 _aRodrigues-Corrêa, K.C. da S.
100 1 _aFett-Neto, A.G.
245 1 _aSeasonality and chemical elicitation of defense oleoresin production in field-grown slash pine under subtropical climate
650 _aPINHEIRO
650 _aVARIACAO SAZONAL
650 _aFISIOLOGIA VEGETAL
650 _aPROPRIEDADE FISICO-QUIMICA
650 _aRESINA
650 _aCRESCIMENTO
650 _aANALISE
773 0 _tTheoretical and Experimental Plant Physiology (Brazil)
_xISSN 2197-0025
_g(2013), v. 25(1) p. 56-61
_wBR2015005937
856 4 0 _uhttp://www.scielo.br/pdf/txpp/v25n1/a07.pdf
909 _a202311
_bLúcia
_c55
_dLúcia Elande
942 _2AGRIS
_n0
_cANA
999 _c246270
_d246270